000 00506cam a2200169 4500500
005 20260405001513.0
041 _afre
042 _adc
245 0 0 _aPetit almanach du sens de la vie
260 _c2013.
500 _a8
690 _aÂge
690 _aChroniques
690 _aPierre-Henri Tavoillot
786 0 _nPhilosophie magazine | 70 | 6 | 2013-06-01 | p. 67-67 | 1951-1787
856 4 1 _uhttps://shs.cairn.info/magazine-philosophie-magazine-2013-6-page-67?lang=fr&redirect-ssocas=7080
999 _c2048311
_d2048311